00391 2200157 4500245005100000020002200051250001100073100003100084650001600115005001900131260003000150041001400180084000800194300002200202336000900224 aThe Last DaycKarunia Widhi Agatin PutrihText a978-602-242-015-6 aCet. 1 aKarunia Widhi Agatin Putri aNovel Fiksi a20230120081408 aBandungbDAR! Mizanc2012 aIndonesia a813 a124 hlm. :cilus. atext